00400nam a2200133Ia 4500008004100000100007200041245004600113250001200159260004000171300000900211650002400220942000700244999001500251190216s9999||||xx |||||||||||||| ||und|| a"Furniss. Bs, Hannaford. Aj, Rogers.V, Smith. Pwg And Tatchell. Ar" 0aPractical Organic Chemistry - A Text Book a4th Ed. bEnglish Language Book Societyc1948 a1371 aChemistry-Chemistry cBK c2699d2699